Laureles a José de Diego / (Record no. 89784)

MARC details
000 -LEADER
campo de control de longitud fija 00511nam a2200181 i 4500
001 - NÚMERO DE CONTROL
campo de control 89784
003 - IDENTIFICADOR DE NÚMERO DE CONTROL
campo de control ES-MaACL
005 - FECHA Y HORA DE LA ÚLTIMA TRANSACCIÓN
campo de control 20240506215623.0
007 - CAMPO FIJO DE DESCRIPCIÓN FÍSICA--INFORMACIÓN GENERAL
campo de control de longitud fija t|
008 - DATOS DE LONGITUD FIJA--INFORMACIÓN GENERAL
campo de control de longitud fija 050113s1960 sp ||||1| spa d
245 00 - MENCIÓN DEL TÍTULO
Título Laureles a José de Diego /
Mención de responsabilidad, etc. recopilador Modesto Gotay.
260 ## - PUBLICACIÓN, DISTRIBUCIÓN, ETC.
Lugar de publicación, distribución, etc. Barcelona :
Nombre del editor, distribuidor, etc. [Rumbos],
Fecha de publicación, distribución, etc. 1960.
300 ## - DESCRIPCIÓN FÍSICA
Extensión 240 p. ;
Dimensiones 25 cm.
600 14 - PUNTO DE ACCESO ADICIONAL DE MATERIA--NOMBRE DE PERSONA
Nombre de persona Diego, José de,
Fechas asociadas al nombre 1867-1918
9 (RLIN) 44549
700 1# - ENTRADA AGREGADA--NOMBRE PERSONAL
Nombre de persona Gotay, Modesto.
9 (RLIN) 59279
852 ## - LOCALIZACIÓN
Ubicación ES-MaACL
Número de control de estantería C-18479
Sublocalización o colección R.46498
Holdings
Estatus retirado Estado de pérdida Estado de daño No para préstamo Biblioteca de origen Biblioteca actual Ubicación en estantería Fecha de adquisición Fuente de adquisición Total de préstamos Signatura topográfica completa Código de barras Visto por última vez Precio de reemplazo Tipo de ítem Koha
        Biblioteca del Ateneo de Madrid Biblioteca del Ateneo de Madrid Galería 17/01/2008     C-18479 1093766 23/02/2023 23/02/2023 Libro impreso